HR Analytics (Record no. 13949)

MARC details
000 -LEADER
fixed length control field 00520nam a22002177a 4500
003 - CONTROL NUMBER IDENTIFIER
control field OSt
008 - FIXED-LENGTH DATA ELEMENTS--GENERAL INFORMATION
fixed length control field 260502b |||||||| |||| 00| 0 eng d
020 ## - INTERNATIONAL STANDARD BOOK NUMBER
International Standard Book Number 9789358403909
082 ## - DEWEY DECIMAL CLASSIFICATION NUMBER
Classification number 658.3 MAH
100 ## - MAIN ENTRY--PERSONAL NAME
Personal name MANDE,Aboli
245 ## - TITLE STATEMENT
Title HR Analytics
250 ## - EDITION STATEMENT
Edition statement 1st Ed
260 ## - PUBLICATION, DISTRIBUTION, ETC. (IMPRINT)
Place of publication, distribution, etc New Delhi
Name of publisher, distributor, etc Himalaya Publishing
Date of publication, distribution, etc 2023
300 ## - PHYSICAL DESCRIPTION
Extent 230p.
700 ## - ADDED ENTRY--PERSONAL NAME
Personal name KUMBHAR,Smita
700 ## - ADDED ENTRY--PERSONAL NAME
Personal name PATIL,Kalyani Sachin
700 ## - ADDED ENTRY--PERSONAL NAME
Personal name PATIL,Vaibhav
700 ## - ADDED ENTRY--PERSONAL NAME
Personal name SINHA,Pradip Kumar
942 ## - ADDED ENTRY ELEMENTS (KOHA)
Source of classification or shelving scheme Dewey Decimal Classification
Koha item type Text Books
Holdings
Withdrawn status Lost status Source of classification or shelving scheme Damaged status Not for loan Collection code Home library Current library Date acquired Source of acquisition Currency Cost, normal purchase price Bill Number Total Checkouts Full call number Acc. no. / Barcode Date last seen Actual Cost, discounted price Bill Date Koha item type
    Dewey Decimal Classification     MBA PIET C-LIBRARY PIET C-LIBRARY 22/04/2026 Zaffa Books INR 498.00 ZBD2026-27-0024   658.3 MAH 40033 02/05/2026 361.05 22/04/2026 Reference Books
    Dewey Decimal Classification     MBA PIET C-LIBRARY PIET C-LIBRARY 22/04/2026 Zaffa Books INR 498.00 ZBD2026-27-0024   658.3 MAH 40034 02/05/2026 361.05 22/04/2026 Text Books
    Dewey Decimal Classification     MBA PIET C-LIBRARY PIET C-LIBRARY 22/04/2026 Zaffa Books INR 498.00 ZBD2026-27-0024   658.3 MAH 40035 02/05/2026 361.05 22/04/2026 Text Books
    Dewey Decimal Classification     MBA PIET C-LIBRARY PIET C-LIBRARY 22/04/2026 Zaffa Books INR 498.00 ZBD2026-27-0024   658.3 MAH 40036 02/05/2026 361.05 22/04/2026 Text Books
    Dewey Decimal Classification     MBA PIET C-LIBRARY PIET C-LIBRARY 22/04/2026 Zaffa Books INR 498.00 ZBD2026-27-0024   658.3 MAH 40037 02/05/2026 361.05 22/04/2026 Text Books

Design & Developed by: PIET Central Library
R70 Miles Stone Pattikalyana Samalkha Panipat 132102
mail ID :- [email protected], Phone No:- 0180-2569700 Ex.216